000 00619nam a2200217 i 4500
001 bgj
100 1 _aWHITE, Lindsay
245 1 0 _aWinners :
_bzeszyt ćwiczeń /
_cLindsay White ; Cathy Lawday ; Mark Hancock.
260 _aOxford :
_bOxford University Press,
_c2004.
300 _a71 pp :
_bill. ;
_c30 cm.
650 9 _aEnglish language
655 _aTextbooks for foreigners
700 1 _aLAWDAY, Cathy.
_eco-author
700 1 _aHANCOCK, Mark.
_eco-author
020 _a0194388077
040 _cBPK
041 0 _aeng
920 _a0-19-438807-7
942 _cKS
008 s uk f |000 0 eng
999 _c48955
_d48955
856 _uhttp://koha.tu.koszalin.pl/cgi-bin/koha/opac-detail.pl?biblionumber=48955
_yKatalog online BPK